Arassociati Milanese architecture (Record no. 12439)

000 -LEADER
fixed length control field 00352 a2200145 4500
003 - CONTROL NUMBER IDENTIFIER
control field OSt
005 - DATE AND TIME OF LATEST TRANSACTION
control field 20240116151058.0
008 - FIXED-LENGTH DATA ELEMENTS--GENERAL INFORMATION
fixed length control field 240116b ||||| |||| 00| 0 eng d
020 ## - INTERNATIONAL STANDARD BOOK NUMBER
International Standard Book Number 9788855210904
082 ## - DEWEY DECIMAL CLASSIFICATION NUMBER
Classification number 720.9451
Item number MAI
100 ## - MAIN ENTRY--PERSONAL NAME
Personal name Mainoli, Anna,
245 ## - TITLE STATEMENT
Title Arassociati Milanese architecture
260 ## - PUBLICATION, DISTRIBUTION, ETC. (IMPRINT)
Name of publisher, distributor, etc Forma Edizioni
Date of publication, distribution, etc 2022
942 ## - ADDED ENTRY ELEMENTS (KOHA)
Source of classification or shelving scheme
Holdings
Withdrawn status Lost status Source of classification or shelving scheme Damaged status Koha normalized classification for sorting Not for loan Permanent location Current location Date acquired Source of acquisition Cost, normal purchase price Full call number Barcode Date last seen Cost, replacement price Price effective from Koha item type
        720_945100000000000_MAI   BMS College of Architecture, Design and Planning BMS College of Architecture, Design and Planning 2024-01-16 1 4471.50 720.9451 MAI AR-UG3677 2024-01-16 5962.00 2024-01-16 UG Books
Copyright © 2025, The Librarian, Library and Information Centre, BMSCA D&P, Bengaluru. All Rights Reserved
web counter

Powered by Koha